LIBRARY & INFORMATION CENTRE, KCAET, TAVANUR

ONLINE PUBLIC ACCESS CATALOGUE (OPAC)

Normal view MARC view
  • Deepak P

Entry Personal Name

Number of records used in: 1

001 - CONTROL NUMBER

  • control field: 6242

003 - CONTROL NUMBER IDENTIFIER

  • control field: OSt

005 - DATE AND TIME OF LATEST TRANSACTION

  • control field: 20240808150136.0

008 - FIXED-LENGTH DATA ELEMENTS

  • fixed length control field: 240808|| aca||aabn | a|a d

040 ## - CATALOGING SOURCE

  • Original cataloging agency: OSt
  • Transcribing agency: OSt

100 ## - HEADING--PERSONAL NAME

  • Personal name: Deepak P

670 ## - SOURCE DATA FOUND

  • Source citation: Work cat.: (OSt)18098: Aliya Omer Qasim K K 6240, Development and performance evaluation of an affordable hydroponic structure /, 2024.
free website counter